| 000 | 00721nam a2200253Ia 4500 | ||
|---|---|---|---|
| 003 | OSt | ||
| 005 | 20220918202632.0 | ||
| 006 | a|||||r|||| 00| 0 | ||
| 007 | ta | ||
| 008 | 220917b |||||||| |||| 00| 0 eng d | ||
| 024 | _a102,678 | ||
| 037 | _cTextual | ||
| 040 |
_aARTS _cARTS _beng |
||
| 041 |
_2eng _aeng |
||
| 082 | _aV23M17:(Y), K1 | ||
| 100 |
_aBallhatchet Kenneth _9102637 |
||
| 245 | 0 | _aSocial policy and social change in Western India, 1817-30 | |
| 260 |
_aLondon _bOxford University Press UK _c1961 |
||
| 300 |
_a335p. _ccm. |
||
| 490 | _aLondon oriental series; 3 | ||
| 650 | _aHISTORY | ||
| 942 |
_hV23M17:(Y), K1 _cTEXL _2CC |
||
| 999 |
_c226129 _d226129 |
||